000 00710nam a2200289Ia 4500
005 20260324124817.0
008 008 260324s9999 xx 000 0 eng d
020 _a9781315586014
037 _aEBOOK
040 _aCRL
040 _beng
040 _cCRL
041 _2eng
041 _aeng
084 _qCRL
100 _aMathurin C. Houngnikpo
_91175577
245 0 _aGuarding the Guardians
245 0 _bCivil-Military Relations and Democratic Governance in Africa
260 _bTaylor and Francis
260 _c2010
365 _a
365 _b230
856 _uhttp://www.taylorfrancis.com/books/9781315586014
942 _cEBOOK
999 _c1770308
_d1770308